Catálogo

IN SITU TREATMENT OF HAZARDOUS WASTE-CONTAMINATED SOILS (Registro nro. 35822)

Detalles MARC
000 -LEADER
fixed length control field 00506nam a2200169 a 4500
001 - CONTROL NUMBER
control field 35822
005 - DATE AND TIME OF LATEST TRANSACTION
control field 20180714004239.0
008 - FIXED-LENGTH DATA ELEMENTS--GENERAL INFORMATION
fixed length control field 140415s1991 000 0 spa d
041 ## - LANGUAGE CODE
Language code of text/sound track or separate title spa
082 ## - DEWEY DECIMAL CLASSIFICATION NUMBER
Classification number 628.5
Item number SIT
245 00 - TITLE STATEMENT
Title IN SITU TREATMENT OF HAZARDOUS WASTE-CONTAMINATED SOILS
250 ## - EDITION STATEMENT
Edition statement 2a ed.
260 ## - PUBLICATION, DISTRIBUTION, ETC.
Place of publication, distribution, etc. [s.l.] :
Name of publisher, distributor, etc. NOYES DATA CORPORATION,
Date of publication, distribution, etc. 1991
300 ## - PHYSICAL DESCRIPTION
Extent 533
490 ## - SERIES STATEMENT
Series statement POLLUTION TECHNOLOGY REVIEW
Volume/sequential designation 199
650 14 - SUBJECT ADDED ENTRY--TOPICAL TERM
Topical term or geographic name entry element CONTAMINACION DE AGUA
General subdivision CONTAMINACION DE SUELOS
Existencias
Withdrawn status Lost status Source of classification or shelving scheme Damaged status Not for loan Collection code Home library Current library Shelving location Date acquired Source of acquisition Inventory number Total Checkouts Full call number Barcode Date last seen Price effective from Koha item type
    Dewey Decimal Classification     General Biblioteca Karol Wojtyla Biblioteca Karol Wojtyla Sala general 03/12/2013 Compra 151000000000000000012330   628.5 SIT 5404 05/01/2026 03/12/2013 Libro